ბათუმის შოთა რუსთაველის სახელმწიფო უნივერსიტეტის ბიბლიოთეკა

თხზულებანი ტ.5 (ბიბ.ჩანაწერი № 43448)

000 -LEADER
fixed length control field 00667nam a2200229Ia 4500
001 - CONTROL NUMBER
control field 10178
003 - CONTROL NUMBER IDENTIFIER
control field GE_BSU
008 - FIXED-LENGTH DATA ELEMENTS--GENERAL INFORMATION
fixed length control field 181216s||||||||xx |||||||||||||| ||und||
040 ## - CATALOGING SOURCE
Transcribing agency GE_BSU
080 ## - UNIVERSAL DECIMAL CLASSIFICATION NUMBER
Universal Decimal Classification number 821.353.1
100 ## - MAIN ENTRY--PERSONAL NAME
Personal name ტაბიძე,გალაქტიონ
245 ## - TITLE STATEMENT
Title თხზულებანი ტ.5
245 ## - TITLE STATEMENT
Remainder of title ლექსები
245 ## - TITLE STATEMENT
Statement of responsibility, etc. რედ.ან.თევზაძე
260 ## - PUBLICATION, DISTRIBUTION, ETC.
Place of publication, distribution, etc. თბილისი
260 ## - PUBLICATION, DISTRIBUTION, ETC.
Name of publisher, distributor, etc. სახელგამი
260 ## - PUBLICATION, DISTRIBUTION, ETC.
Date of publication, distribution, etc. 1952
300 ## - PHYSICAL DESCRIPTION
Extent 244გვ.1ფ.პორტრ.18სმ.
653 ## - INDEX TERM--UNCONTROLLED
Uncontrolled term თხზულებანი
653 ## - INDEX TERM--UNCONTROLLED
Uncontrolled term ლექსები
942 ## - ADDED ENTRY ELEMENTS (KOHA)
Koha item type წიგნი
ეგზემპლარები
Withdrawn status Lost status Damaged status Not for loan Date acquired Barcode Date last seen Price effective from Koha item type
        2018-12-17 33842 2018-12-17 2018-12-17 წიგნი
        2018-12-17 33843 2018-12-17 2018-12-17 წიგნი
        2018-12-17 33844 2018-12-17 2018-12-17 წიგნი
        2018-12-17 33845 2018-12-17 2018-12-17 წიგნი
        2018-12-17 33847 2018-12-17 2018-12-17 წიგნი
        2018-12-17 33848 2018-12-17 2018-12-17 წიგნი
        2018-12-17 33849 2018-12-17 2018-12-17 წიგნი
        2018-12-17 33850 2018-12-17 2018-12-17 წიგნი
        2018-12-17 33851 2018-12-17 2018-12-17 წიგნი
        2018-12-17 33846 2018-12-17 2018-12-17 წიგნი